| 000 | 00507nam a2200169 i 4500 | ||
|---|---|---|---|
| 001 | 101858 | ||
| 003 | ES-MaACL | ||
| 005 | 20230906183009.0 | ||
| 007 | t| | ||
| 008 | 051026s1969 xxu ||||1| eng d | ||
| 100 | 1 |
_aMelville, Herman. _980033 |
|
| 245 | 1 | 0 |
_aMoby Dick or The Whale / _cby Herman Melville; with an afterword by Jerry Allex. |
| 260 |
_aNew York : _bHarper and Row, _c1969. |
||
| 300 |
_aXX p., 516 p. ; _c18 cm. |
||
| 700 | 1 |
_aAllex, Jerry. _920033 |
|
| 852 |
_aES-MaACL _jC-31377 _bR.66104 |
||
| 999 |
_c101858 _d101858 |
||